[Geometry Dash] GDDP Demons - Statistics

General Stats
  • This quiz has been taken 147 times
    111 since last reset
  • The average score is 45 of 310
Answer Stats
Tier Answer % Correct
Amethyst Silent clubstep
65%
Amethyst Acheron
61%
Sapphire Bloodbath
61%
Beginner iS
61%
Beginner X
59%
Amethyst Slaughterhouse
57%
Platinum Cataclysm
54%
Beginner Speed Racer
54%
Platinum Acu
52%
Beginner Clubstep
50%
Bronze Deadlocked
50%
Onyx Tartarus
48%
Beginner Theory of Everything 2
48%
Diamond Bloodlust
46%
Beginner DeCode
46%
Amethyst Firework
46%
Silver Nine Circles
46%
Ruby Sonic Wave
46%
Amethyst LIMBO
43%
Bronze HeLL
41%
Beginner phjork
41%
Amethyst Sakupen Circles
41%
Onyx The Golden
41%
Gold Windy Landscape
41%
Amethyst Kyouki
39%
Sapphire Sakupen Hell
39%
Ruby Yatagarasu
39%
Onyx Zodiac
39%
Amethyst Abyss of Darkness
37%
Gold Acropolis
37%
Platinum HyperSonic
37%
Beginner Death Moon
35%
Onyx Kenos
35%
Gold 8o
33%
Onyx arcturus
33%
Emerald Artificial Ascent
33%
Obsidian Silent Clubstep II
33%
Emerald Digital Descent
30%
Amber ICE Carbon Diablo X
30%
Onyx Oblivion
30%
Sapphire Phobos
30%
Ruby Erebus
28%
Onyx Hard Machine
28%
Diamond RUST
28%
Beginner STARPUNK
28%
Ruby Cybernetic Crescent
26%
Beginner Meow
26%
Beginner Motion
26%
Beginner neXus
26%
Diamond Nhelv
26%
Beginner Problematic
26%
Jade SubSonic
26%
Beginner Tabasco
26%
Onyx The Hallucination
26%
Onyx Thinking Space
26%
Amber UltraSonic
26%
Onyx Verdant Landscape
26%
Azurite Ashley Wave Trials
24%
Emerald Black Blizzard
24%
Azurite Element 111 Rg
24%
Bronze hell and heaven
24%
Amber Leyak
24%
Beginner MAYMORY
24%
Bronze Mechanical Showdown
24%
Bronze red dart
24%
Beginner wowzers holy
24%
Diamond Crimson Planet
22%
Beginner Desolate Deep
22%
Beginner Fast n Spicy
22%
Gold Magma Bound
22%
Onyx NEUTRA
22%
Silver RGB
22%
Bronze Sakupen Egg
22%
Onyx Shukketsu
22%
Onyx Trueffet
22%
Amethyst True Innards
22%
Ruby Wasureta
22%
Silver white women
22%
Obsidian Aquamarine
20%
Beginner Chaoz Impact
20%
Silver Dance Massacre
20%
Diamond kowareta
20%
Ruby Plasma Pulse Finale
20%
Beginner PsyWorm
20%
Bronze Zircon
20%
Platinum Allegiance
17%
Diamond Arctic Lights
17%
Sapphire Blade of Justice
17%
Beginner Buried Angel
17%
Bronze Chaoz Airflow
17%
Onyx Fragile
17%
Bronze INSERT COIN
17%
Diamond Lucid Nightmares
17%
Silver Mastermind
17%
Amber Necropolis
17%
Beginner NothinG
17%
Ruby Ouroboros
17%
Amber Plasma Pulse II
17%
Onyx Promethean
17%
Diamond Ragnarok
17%
Bronze Scarlet Smog
17%
Emerald Stalemate Redux
17%
Obsidian The Nautical
17%
Bronze VeritY
17%
Silver Zap
17%
Ruby Aquatic Auroras
15%
Diamond Calculator Core
15%
Gold CHROMA
15%
Diamond Cognition
15%
Amethyst Diabolic ClubStep
15%
Bronze Gy
15%
Bronze Hellcat
15%
Sapphire INNARDS
15%
Silver in rainbows
15%
Bronze Nitrogen
15%
Diamond Omega Interface
15%
Gold Psychosis
15%
Bronze Reanimation
15%
Diamond Renevant
15%
Ruby Sunset Sandstorm
15%
Bronze System Split
15%
Bronze Tengu Wind
15%
Bronze Toxic Sewers
15%
Beginner Virtualization
15%
Beginner Voyager
15%
Bronze Based
13%
Bronze Bassboost
13%
Emerald Berserk
13%
Silver Deadly ClubStep
13%
Silver Diffuse
13%
Gold Firewall
13%
Ruby Gamma
13%
Emerald Killbot
13%
Obsidian Natural Disaster
13%
Bronze Nemesis
13%
Gold Night Terrors
13%
Bronze Resurrection
13%
Bronze Section
13%
Azurite Subsuming Vortex
13%
Amber The End
13%
Silver Ultra Drivers
13%
Sapphire Artifice
11%
Jade Athanatos
11%
Emerald Catalyze
11%
Bronze Collapse
11%
Emerald Delta Interface
11%
Silver Double Dash
11%
Obsidian Dystopia
11%
Amber Flat Major
11%
Ruby Frozen Cave
11%
Sapphire Fusion Z
11%
Emerald Hyper Paradox
11%
Jade Ithacropolis
11%
Amethyst Maniacal Chains
11%
Platinum Misty Mountains
11%
Beginner Outbreak
11%
Platinum Retention
11%
Diamond SARY NEVER CLEAR
11%
Silver Sparkling Hope
11%
Silver ThermoDynamix
11%
Diamond The Rupture
11%
Azurite Through The Gates
11%
Bronze WELL RESTED
11%
Ruby AKIRA
9%
Diamond Aronia
9%
Jade Balengu Vortex
9%
Gold Blast Furnace
9%
Silver Breakthrough
9%
Platinum Cat Planet
9%
Jade DARKENED
9%
Gold FFFFFF
9%
Amethyst Forsaken Hell
9%
Amber Gumshot
9%
Diamond Lotus Flower
9%
Amber MOTHMELONS
9%
Platinum NecropoliX
9%
Sapphire Prismatic Haze
9%
Jade Quantum Processing
9%
Ruby RANDOM ACCESS MEMORY
9%
Silver ARANEO
7%
Silver At The Top
7%
Ruby Cersia Difficult
7%
Jade Dolos
7%
Azurite Doom Fractal
7%
Emerald Ethereal Artifice
7%
Amethyst Eudemonic
7%
Gold EXG
7%
Platinum Forbidden Isle
7%
Sapphire Hateful Reflection
7%
Jade i hate you
7%
Platinum Incipient
7%
Emerald Lucid Chaos
7%
Sapphire Niflheim
7%
Silver overnight
7%
Silver Pain Elemental
7%
Diamond Sazerix
7%
Ruby Shutdown
7%
Silver The Caverns
7%
Jade The Cellar Path
7%
Gold The Four Elements
7%
Amber The Secret Box
7%
Platinum troll level
7%
Gold X Adventure
7%
Jade Abandoned Planet
4%
Amber Apollo 13
4%
Amber Arcane
4%
Platinum Artificial Dream
4%
Diamond ATOMIC CANNON
4%
Emerald Cadrega City
4%
Azurite Call of the Void
4%
Jade Carnage Mode
4%
Emerald Chromatic Haze
4%
Sapphire Concaved Memories
4%
Emerald Crystal
4%
Amber Cyber Chaos
4%
Sapphire Digital Disarray
4%
Ruby Eternal Moment
4%
Silver Eternelle Vehemence
4%
Emerald Friday Vortex
4%
Sapphire Goldcrest Palace
4%
Ruby GONER
4%
Gold Heritage
4%
Gold Hyperio Technia
4%
Gold Infrared
4%
Azurite Malediction
4%
Amber MINDBREAKER
4%
Platinum nowdead
4%
Platinum Penombre
4%
Platinum Precipitance
4%
Silver prompt
4%
Silver Radioactive
4%
Ruby Spectrum Cyclone
4%
Gold TENDO
4%
Diamond Terminux
4%
Gold Through The Aether
4%
Jade Ziroikabi
4%
Jade Adrenaline
2%
Jade Anoxysm
2%
Amber Apache
2%
Emerald Apollo 11
2%
Amber Blaster
2%
Amber CMYK
2%
Silver Coarse
2%
Ruby Dark Flare
2%
Platinum Daydream
2%
Jade distraught
2%
Jade DMG CTRL
2%
Jade Endless Dream
2%
Sapphire Falcon16
2%
Gold free level
2%
Amber Galaxy Breaker
2%
Gold Horntail Cave
2%
Platinum HURRICANE
2%
Gold Interstellar Infant
2%
Diamond Knights of Thunder
2%
Silver Lightning Speed
2%
Ruby Loochiverse
2%
Platinum Lost Love
2%
Jade MadMansion
2%
Sapphire Manic Machine
2%
Sapphire moment
2%
Platinum Napalm
2%
Ruby Nightshade
2%
Sapphire Novalis
2%
Emerald Occult Outcry
2%
Emerald Omicron
2%
Jade RASH
2%
Platinum reverence
2%
Jade ruber cash 22
2%
Silver Sedulous
2%
Ruby Shmarley Ville
2%
Jade Shock Therapy
2%
Ruby Sink
2%
Gold Sleepless
2%
Jade SPEEDRUN
2%
Gold Swirling Fire
2%
Emerald Timor
2%
Sapphire Anahita
0%
Platinum Awakening Horus
0%
Amber Beetle
0%
Sapphire BROWNOIX
0%
Sapphire Carcano
0%
Emerald ConFusion
0%
Gold Cursed Nightmare
0%
Sapphire Disentombed
0%
Amber DVP
0%
Emerald Edelweiss
0%
Amber Elysian Aegis
0%
Platinum Ferrum Frenzy
0%
Amber Fiber
0%
Platinum MELTDOWN
0%
Sapphire Motorbreath
0%
Emerald Nightmare Chasm
0%
Sapphire OOPZ
0%
Sapphire OPSM1
0%
Amber Optic daydream
0%
Jade Raisins
0%
Amber Rampage
0%
Platinum Reflective
0%
Gold Sadism
0%
Ruby Spacial Rend
0%
Emerald Static Ignition
0%
Emerald The Moon Below
0%
Jade The Sulphur Sea
0%
Ruby Titan Complex
0%
Sapphire U235
0%
Amber Ulon
0%
Emerald vaenstep
0%
Platinum Wind Storm
0%
Jade Worse Trip
0%
No matching quizzes found
Score Distribution
Percent of People with Each Score
Percentile by Number Answered
Your Score History
You have not taken this quiz since the last reset